000
00228 a2200097 4500
001
41449
100
_a
Oxford
245
_a
The oxford dictionary of quotations
260
_a
Londan
_b
Geoffray cumsridge
_c
090
_c
25621
_d
25621
942
_a
NUST-CAE
_c
M
_c
17360
999
_c
276522
_d
276522